Детерминированный хаос в нелинейных цепях с электрической дугой

Библиографические подробности
Главный автор: Сидорец В. Н. Владимир Николаевич
Другие авторы: Пентегов И. В. Игорь Владимирович
Примечания:Монография посвящена изложению результатов исследования фундаментальных свойств электрической дуги как нелинейного элемента электрических цепей. Описаны выявленные закономерности и механизмы возникновения де­терминированного хаоса в этих цепях и сценарии его развития. Особое внима­ние уделено оригинальным математическим методам исследования нелиней­ных динамических систем. Все полученные результаты проиллюстрированны.Монография рассчитана на широкий круг специалистов в областях теорети­ческой электротехники и нелинейных динамических систем. Она может быть полезна ученым, аспирантам и студентам.
Язык:русский
Опубликовано: Киев, Сварка, 2013
Предметы:
Формат: Книга
Запись в KOHA:https://koha.lib.tpu.ru/cgi-bin/koha/opac-detail.pl?biblionumber=308736

MARC

LEADER 00000nam0a2200000 4500
001 308736
005 20231102002125.0
010 |a 9789669630902 
035 |a (RuTPU)RU\TPU\book\334057 
090 |a 308736 
100 |a 20151106d2013 k y0rusy50 ca 
101 0 |a rus 
102 |a UA 
105 |a a z 001zy 
200 1 |a Детерминированный хаос в нелинейных цепях с электрической дугой  |f В. Н. Сидорец, И. В. Пентегов 
210 |a Киев  |c Сварка  |d 2013 
215 |a 272 с.  |c ил. 
320 |a Библиогр.: с. 264-272. 
330 |a Монография посвящена изложению результатов исследования фундаментальных свойств электрической дуги как нелинейного элемента электрических цепей. Описаны выявленные закономерности и механизмы возникновения де­терминированного хаоса в этих цепях и сценарии его развития. Особое внима­ние уделено оригинальным математическим методам исследования нелиней­ных динамических систем. Все полученные результаты проиллюстрированны.Монография рассчитана на широкий круг специалистов в областях теорети­ческой электротехники и нелинейных динамических систем. Она может быть полезна ученым, аспирантам и студентам. 
606 1 |a Электрическая дуга  |2 stltpush  |3 (RuTPU)RU\TPU\subj\26837  |9 50678 
610 1 |a динамика 
610 1 |a моделирование 
610 1 |a нелинейные цепи 
610 1 |a автоколебания 
610 1 |a периодические колебания 
610 1 |a хаотические колебания 
610 1 |a детерминированный хаос 
610 1 |a свойства 
610 1 |a исследование 
610 1 |a математические методы 
610 1 |a бифуркация Хопфа 
610 1 |a монографии 
675 |a 621.3.014  |v 4 
700 1 |a Сидорец  |b В. Н.  |g Владимир Николаевич 
701 1 |a Пентегов  |b И. В.  |g Игорь Владимирович 
801 1 |a RU  |b 63413507  |c 20151106 
801 2 |a RU  |b 63413507  |c 20160303  |g RCR 
900 |a Математические методы исследования электромеханических преобразователей энергии 
900 |a Теоретическая электротехника 
900 |a Общая теория динамических систем 
942 |c BK 
959 |a 139/20151106  |d 4  |e 1000,00  |f ЧЗТЛ:1  |f УФ:3